01044nam a2200193Ia 4500008004100000020001500041050001900056082002100075100003200096240005200128245007800180250001800258260003800276300002100314500007100335505035900406650004000765700004500805120622s1991 mx 000 0 spa d a9684227957 aQC23bB84 1991 a530 bB928f 1991 aBueche, Frederick J.eautor aSchaum´s Outline of college physicslespañol aFísica generalc / Frederick J. Bueche ; traducción Enrique Sánchez a3a. edición aMéxico b : McGraw-Hillc, 1991 ax, 407 páginas aIncluye: apéndices (pp. 379-398) Incluye: índice (pp. 399-407) aIntroducción a los vectores Equilibrio bajo la acción de fuerzas concurrentes Equilibrio de un cuerpo rígido bajo la acción de fuerzas coplanares Movimiento uniformemente acelerado Leyes de Newton Trabajo, energía y potencia Máquinas simples Impulso y cantidad de movimiento Movimiento angular en un plano Rotación de un cuerpo rígido  0aFISICAvPROBLEMAS Y EJERCICIOS, ETC aSánchez y Aguilera, Enriqueetraductor